The South America tour (Record no. 6810)

MARC details
000 -CABECERA
campo de control de longitud fija 00640nam a2200217 a 4500
001 - NÚMERO DE CONTROL
campo de control BRCA_7129
005 - FECHA Y HORA DE LA ÚLTIMA TRANSACCIÓN
campo de control 20190320205725.0
008 - DATOS DE LONGITUD FIJA--INFORMACIÓN GENERAL
campo de control de longitud fija 100112s1924----nyuab#####---#000-0#eng-#
041 ## - CÓDIGO DE LENGUA
Código de lengua del texto/banda sonora o título independiente eng
044 ## - CÓDIGO DEL PAÍS DE LA ENTIDAD EDITORA/PRODUCTORA
Código MARC del país nyu
050 #4 - SIGNATURA TOPOGRÁFICA DE LA BIBLIOTECA DEL CONGRESO
Número de clasificación F2223
Número de documento/Ítem .P43 1924
100 1# - ENTRADA PRINCIPAL--NOMBRE DE PERSONA
Nombre de persona Peck, Annie Smith
Fechas asociadas al nombre 1850-1935
9 (RLIN) 17710
245 10 - MENCIÓN DE TÍTULO
Título The South America tour
Resto del título a descriptive guide
Mención de responsabilidad, etc. by Annie S. Peck; photos by the autor.
260 ## - PUBLICACIÓN, DISTRIBUCIÓN, ETC.
Lugar de publicación, distribución, etc. Nueva York
Nombre del editor, distribuidor, etc. G. H. Doran
Fecha de publicación, distribución, etc. c1924
300 ## - DESCRIPCIÓN FÍSICA
Extensión x, 379 p.
Otras características físicas il., mapas
Dimensiones 20cm.
500 ## - NOTA GENERAL
Nota general P9
504 ## - NOTA DE BIBLIOGRAFÍA, ETC.
Nota de bibliografía, etc. Biblipografìa: p. 361-370
651 #4 - PUNTO DE ACCESO ADICIONAL DE MATERIA--NOMBRE GEOGRÁFICO
Nombre geográfico America del Sur
Subdivisión general Descripciòn y viajes
9 (RLIN) 8178
902 ## - CATALOGADOR
Iniciales GFM
942 ## - ELEMENTOS DE PUNTO DE ACCESO ADICIONAL (KOHA)
Fuente del sistema de clasificación o colocación Library of Congress Classification
Tipo de ítem Koha Libros
Holdings
Estado de retiro Estado de pérdida Estado dañado No para préstamo Localización permanente Ubicación/localización actual Fecha de adquisición Número de inventario Total de préstamos Signatura topográfica completa Código de barras Fecha visto por última vez Precio válido a partir de Tipo de ítem Koha
El ejemplar forma parte de la colección y puede ser consultado según las políticas vigentes.       Biblioteca del Museo Franz Mayer (Rogerio Casas-Alatriste) Biblioteca del Museo Franz Mayer (Rogerio Casas-Alatriste) 10/01/2012 P9   F2223 .P43 1924 (P9) 7576 22/03/2019 22/03/2019 Libros